Individually managed accountsn : An investor’s guide
Individually Managed Accounts: An Investor’s Guide presents the first comprehensive read on this increasingly popular investment vehicle. Through in-depth insights culled from years of experience, financial expert Robert Jorgensen fully explains what IMAs are, how they can be used, and the related p...
Gespeichert in:
| 1. Verfasser: | |
|---|---|
| Format: | Buch |
| Sprache: | Undetermined |
| Veröffentlicht: |
New York
Wiley
2003
|
| Schlagworte: | |
| Tags: |
Tag hinzufügen
Keine Tags, Fügen Sie den ersten Tag hinzu!
|
| Thư viện lưu trữ: | Trung tâm Học liệu Trường Đại học Cần Thơ |
|---|
| LEADER | 01348nam a2200217Ia 4500 | ||
|---|---|---|---|
| 001 | CTU_164301 | ||
| 008 | 210402s9999 xx 000 0 und d | ||
| 020 | |c 37.82 | ||
| 082 | |a 332.6 | ||
| 082 | |b J82 | ||
| 100 | |a Jorgensen, Robert B. | ||
| 245 | 0 | |a Individually managed accountsn : | |
| 245 | 3 | |b An investor’s guide | |
| 245 | 0 | |c Robert B. Jorgensen | |
| 260 | |a New York | ||
| 260 | |b Wiley | ||
| 260 | |c 2003 | ||
| 520 | |a Individually Managed Accounts: An Investor’s Guide presents the first comprehensive read on this increasingly popular investment vehicle. Through in-depth insights culled from years of experience, financial expert Robert Jorgensen fully explains what IMAs are, how they can be used, and the related pros and cons of investing in them compared to such alternatives as mutual funds. Individually Managed Accounts is the most comprehensive guide written about IMAs and explores investment options, alternatives, costs, risks, myths, and realities. This book provides step-by-step guidance and professional advice, and will show you how to select, retain, and work with an investment manager within an IMA. | ||
| 650 | |a Portfolio management,Investment analysis,Quản lí danh mục đầu tư,Phân tích đầu tư | ||
| 904 | |i Thoa, Hải | ||
| 980 | |a Trung tâm Học liệu Trường Đại học Cần Thơ | ||